| 000 | 01435nam a22001457a 4500 | ||
|---|---|---|---|
| 008 | 191203b xxu||||| |||| 00| 0 eng d | ||
| 020 | _a9789873805066 | ||
| 082 |
_a370.19 _bP792e |
||
| 100 |
_aPonce, Anibal _97260 |
||
| 245 | _aEducación y lucha de clases y otros escritos | ||
| 260 |
_aArgentina _bUNIPE: Editorial Universitaria _c2015 |
||
| 300 |
_a208 p. _c16 x 24 cm. |
||
| 505 |
_tAbreviaturas. _tPresentación. Aníbal Ponce, o las vetas del pensamiento pedagógico marxista en Argentina. _rNicolás Arata y Pablo Gentili _tEducación y Lucha de Clases y Otros Escritos. _tCapítulo I. La educación en la comunidad primitiva. _tCapítulo II. La educación del hombre antiguo. Primera Parte: Esparta y Atenas. _tCapítulo III. La educación del hombre antiguo. Segunda Parte: Roma. _tCapítulo IV. La educación del hombre feudal. _tCapítulo V. La educación del hombre burgués. Primera Parte: Desde el renacimiento al Siglo XVIII _tCapítulo VI. La educación del hombre burgués. Segunda Parte: Desde la revolución al Siglo XIX _tCapítulo VII. La "Nueva Educación". Primera Parte. _tCapítulo VII. La "Nueva Educación". Segunda Parte. _tApéndice. _tHacia la democracia proletaria. _tCondiciones para la Universidad Libre. _tEl Maestro (Fragmento de José Ingenieros. Su vida y su obra). _tLa vejez de Sarmiento (Fragmento). |
||
| 650 |
_2Educación _vPedagogía _xEducación - historia _xHistoria _xClases sociales (Lucha de clases) _97261 |
||
| 999 |
_c1880 _d1880 |
||